banner koha

Observacoes sobre a utilizacao de vacina inativada contra a febre aftosa em femeas gestantes da especie bovina (Registro n. 92288)

MARC details
000 -LÍDER
campo de controle de tamanho fixo 00937nas a2200289 4500
001 - NÚMERO DE CONTROLE
campo de controle BR7304214
003 - IDENTIFICADOR DO NÚMERO DE CONTROLE
campo de controle BR-BrBNA
005 - DATA E HORÁRIO DA ÚLTIMA TRANSAÇÃO
campo de controle 20231205082507.0
007 - CAMPO FIXO DE DESCRIÇÃO FÍSICA--INFORMAÇÃO GERAL
campo de controle de tamanho fixo ta
008 - CAMPO DE DADOS FIXOS--INFORMAÇÃO GERAL
campo de controle de tamanho fixo 230509b bl.|||p| |||| 00| 00por d
040 ## - FONTE DA CATALOGAÇÃO
Instituição da catalogação original BR-BrBNA
Idioma da catalogação por
Instituição que transcreveu o registro Biblioteca Nacional de Agricultura
041 ## - CÓDIGO DE IDIOMA
Código do idioma do texto/trilha sonora ou título diferente (Pt)
072 ## - CÓDIGO DE CATEGORIA DE ASSUNTO
Código de Categoria de Assunto L73
100 1# - ENTRADA PRINCIPAL--NOME PESSOAL
Nome pessoal Vasconcellos, S.A.
100 1# - ENTRADA PRINCIPAL--NOME PESSOAL
Nome pessoal Cortes, J. de A.
100 1# - ENTRADA PRINCIPAL--NOME PESSOAL
Nome pessoal Enriquez Rozas, C.E.
100 1# - ENTRADA PRINCIPAL--NOME PESSOAL
Nome pessoal Ito, F.H.
100 1# - ENTRADA PRINCIPAL--NOME PESSOAL
Nome pessoal Guimaraes, L.N.B.
245 1# - TÍTULO
Título Observacoes sobre a utilizacao de vacina inativada contra a febre aftosa em femeas gestantes da especie bovina
650 ## - ASSUNTO--TERMO TÓPICO
Cabeçalho tópico ou nome geográfico BOVINO
650 ## - ASSUNTO--TERMO TÓPICO
Cabeçalho tópico ou nome geográfico AFTOSA
650 ## - ASSUNTO--TERMO TÓPICO
Cabeçalho tópico ou nome geográfico PRENHEZ
650 ## - ASSUNTO--TERMO TÓPICO
Cabeçalho tópico ou nome geográfico VACINA INATIVADA
773 0# - ENTRADA ANALÍTICA
Título Revista da Faculdade de Medicina Veterinaria e Zootecnia da Universidade de Sao Paulo (Brazil)
ISSN - International Standard Serial Number ISSN 0303-7525
Partes relacionadas (1976), v. 13(1) p. 209-211
Número de controle do registro BR7304214
909 ## -
-- 202311
-- Lúcia
-- 55
-- Lúcia Elande
942 ## - ELEMENTOS DE ENTRADA ADICIONADOS (KOHA)
Fonte da classificação ou esquema de arquivamento na estante Classificação AGRIS
Ocultar no OPAC Não
Tipo de material Koha Analítica
Exemplares
Situação do descarte Fonte da classificação ou esquema de arquivamento na estante Situação física Não pode ser emprestado Biblioteca de origem Biblioteca atual Localização na estante Enumeração do periódico / cronologia Total de empréstimos Data de último acesso Número do exemplar Tipo de material Koha Fonte de aquisição
  Classificação AGRIS   Consulta local Biblioteca Nacional de Agricultura - Binagri Biblioteca Nacional de Agricultura - Binagri   (1976), v. 13(1) p. 209-211   29/11/2023 01 Periódicos Portaria Interministerial nº 164/94

BINAGRI

Telefone: (61)3218-2567/2388/3357/2097 - binagri@agro.gov.br

Ministério da Agricultura e Pecuária , Esplanada dos Ministérios, Bloco D, Anexo B, Brasília/DF, CEP: 70.043-900